000 00276nam a2200109 4500
008 160629b xxu||||| |||| 00| 0 eng d
100 _91330
_a Sharma., et al
245 _aBiology - Class XII
260 _aN.D
_b Arya
_c2005
300 _aBiology - Class XII
942 _2ddc
_cBK
999 _c1090
_d1090